000
00336 a2200157 4500
001
59042
020
_a
8508018312
040
_c
Anchieta - Pituba
100
_a
Tavares, Luís Henrique Dias
240
1
0
_a
História da Bahia
_l
por
245
1
0
_a
História da Bahia
300
_a
206
362
0
_a
1987
650
4
_a
Bahia
942
_c
BK
999
_c
59042
_d
59042